Print reading for machine shop / (Record no. 10079)

MARC details
000 -LEADER
fixed length control field 00584nam a2200169 a 4500
020 ## - INTERNATIONAL STANDARD BOOK NUMBER
ISBN 0826918700 (paperback)
020 ## - INTERNATIONAL STANDARD BOOK NUMBER
ISBN 9780826918703 (paperback)
100 1# - MAIN ENTRY--AUTHOR NAME
Personal name Riggs, Ronald D.
245 10 - TITLE STATEMENT
Title Print reading for machine shop /
260 ## - PUBLICATION, DISTRIBUTION, ETC. (IMPRINT)
Place of publication [S.l.] :
Name of publisher Amer Technical Pub,
Year of publication 1981.
300 ## - PHYSICAL DESCRIPTION
Number of Pages 164 p.
520 ## - SUMMARY, ETC.
Summary, etc Blueprint Reading for Machine Shop textbook.
856 40 - ELECTRONIC LOCATION AND ACCESS
Uniform Resource Identifier http://www.amazon.com/exec/obidos/ASIN/0826918700/chopaconline-20
Holdings
Withdrawn status Lost status Home library Current library Date acquired Full call number Accession Number Koha item type
    Central Library, QUEST, Nawabshah Central Library, QUEST, Nawabshah 18/09/2014 RIG 16366 Books